Normal view
MARC view
- PUSHKIN, ALEKSANDR SERGEEVICH, 1799-1837 - TRANSLATIONS INTO ENGLISH
Entry Topical Term
001 - CONTROL NUMBER
- control field: 4456
003 - CONTROL NUMBER IDENTIFIER
- control field: CBULib
005 - DATE AND TIME OF LATEST TRANSACTION
- control field: 20250307101425.0
008 - FIXED-LENGTH DATA ELEMENTS
- fixed length control field: 250307|| aca||babn | a|a d
040 ## - CATALOGING SOURCE
- Original cataloging agency: CBULib
150 ## - HEADING--TOPICAL TERM
- Topical term or geographic name entry element: PUSHKIN, ALEKSANDR SERGEEVICH, 1799-1837 - TRANSLATIONS INTO ENGLISH